=LDR 00000nam 2200000 4500 =001 INLIS000000000020997 =005 20200916121710 =035 ##$$a 0010-061300000020997 =008 200916################g##########0#ind## =041 ##$$a Ind =082 ##$$a 301 =090 ##$$a 301, Buk b =245 ##$$a Buku materi pokok sosiologi industri /$c Subagio Sastrodiningrat...[et.al] =260 ##$$a Jakarta :$b UT Depdikbud,$c 1986 =300 ##$$a 162 hlm ; $c 21x30 cm. =650 #4$$a Sosiologi =650 #4$$a industri =850 ##$$a NBPNMAT =084 ##$$a 301 BUK b =700 #$$a Subagio Sastrodiningrat =990 ##$$a 9.518/Hd.86 =990 ##$$a 9.517 hd.86